Les films français de 1984 - Statistiques

Statistiques générales
  • Ce quiz a été pris 9 fois
  • Le résultat moyen est 3 sur 15
Answers on the Grid
Answers color-coded by a green-red scale on the quiz's grid according to % correct below.
A mort l'arbitre ! (Jean-Pierre Mocky)
Canicule (Yves Boisset)
Fort Saganne (Alain Corneau)
Joyeuses pâques (Georges Lautner)
La 7ème cible (Claude Pinoteau)
La vengeance du serpent à plumes (Gérard Oury)
L'amour à mort (Alain Resnais)
L'année des méduses (Christopher Frank)
Les morfalous (Henri Verneuil)
Les nuits de la pleine lune (Eric Rohmer)
Les ripoux (Claude Zidi)
Marche à l'ombre (Michel Blanc)
Notre histoire (Bertrand Blier)
Pinot simple flic (Gérard Jugnot)
Un dimanche à la campagne (Bertrand Tavernier)
Les bronzés font du ski (Patrice Leconte)
L'as des as (Gérard Oury)
Ma femme s'appelle reviens (Patrice Leconte)
Le guignolo (Georges Lautner)
Au revoir les enfants (Louis Malle)
 
Statistiques - réponses
Réponse % Correct
sorti le 11 mai 1984 Fort Saganne (Alain Corneau)
44%
sorti le 28 novembre 1984 La vengeance du serpent à plumes (Gérard Oury)
44%
sorti le 6 juin 1984 Pinot simple flic (Gérard Jugnot)
44%
sorti le 19 septembre 1984 Les ripoux (Claude Zidi)
33%
sorti le 22 février 1984 A mort l'arbitre ! (Jean-Pierre Mocky)
22%
sorti le 24 octobre 1984 Joyeuses pâques (Georges Lautner)
22%
sorti le 17 octobre 1984 Marche à l'ombre (Michel Blanc)
22%
sorti le 23 mai 1984 Notre histoire (Bertrand Blier)
22%
sorti le 11 avril 1984 Un dimanche à la campagne (Bertrand Tavernier)
22%
sorti le 11 janvier 1984 Canicule (Yves Boisset)
11%
sorti le 19 décembre 1984 La 7ème cible (Claude Pinoteau)
11%
sorti le 5 septembre 1984 L'amour à mort (Alain Resnais)
11%
sorti le 14 novembre 1984 L'année des méduses (Christopher Frank)
11%
sorti le 28 mars 1984 Les morfalous (Henri Verneuil)
11%
sorti le 29 août 1984 Les nuits de la pleine lune (Eric Rohmer)
11%
Aucun quiz correspondant
Distribution des résultats
% des personnes avec chaque résultat
Percentile par nombre de réponses
Votre historique - résultats
Vous n’avez pas pris ce quiz